Algo sobre las catedrales de la Santísima Concepción

שמור ב:
מידע ביבליוגרפי
מחבר ראשי: Jara Hernández, Ramón Ángel (Author)
פורמט: ספר
שפה:ספרדית
יצא לאור: Concepción La Discusión 1995
נושאים:
תגים: הוספת תג
אין תגיות, היה/י הראשונ/ה לתייג את הרשומה!

MARC

LEADER 00000nam a2200000 a 4500
001 UCM5115
003 CL-VaPUC
008 020927e19950000CL |||||||||||||||||spa|d
082 0 4 |a 270.5  |b JAR  |2 21 
100 |a Jara Hernández, Ramón Ángel  |e author  |9 471484 
245 1 0 |a Algo sobre las catedrales de la Santísima Concepción 
300 |a 79 p 
942 |c BK 
945 |d 20020927 00:00:00  |a cmena 
260 |a Concepción  |b La Discusión  |c 1995 
650 0 |a Historia de la iglesia   |9 257565 
650 7 |a CATEDRALES CHILENAS  |2 CL-VaPUC  |9 471485 
650 0 |a Catedrales  |x Zona Sur  |9 471486 
583 |a last modification  |c 20020927 00:00:00  |k Rodrigo Vera 
999 |c 301398  |d 301396 
952 |0 0  |1 0  |4 0  |6 270_500000000000000_JAR_1995  |7 0  |8 DER_HDC  |9 360301  |a BIBDER  |b BIBDER  |d 2019-11-21  |i 3822265  |o 270.5 JAR 1995  |p 3822265  |r 2023-01-25  |w 2019-11-21  |x Ubicación 4to Piso  |y BK  |z Estos recursos deben solicitarse con anticipación  |k DER